[Event "35. Open Untergrombach A-Turnier"]
[Site "?"]
[Date "2018.01.05"]
[Round "6"]
[White "Mädler, Thomas"]
[Black "Seeger, Klaus"]
[Result "1-0"]
[WhiteElo "2094"]
[BlackElo "2006"]
[PlyCount "115"]

1. d4 Nf6 2. Nf3 d5 3. Bf4 e6 4. e3 c5 5. c3 Be7 6. Nbd2 O-O 7. Bd3 Nbd7 8. Ne5
a6 9. O-O Qb6 10. Rb1 Ne8 11. Qh5 f5 12. h3 Nef6 13. Qe2 Ne4 14. Nxe4 fxe4 15.
Bc2 cxd4 16. cxd4 Nxe5 17. Bxe5 Bd7 18. Rfc1 Rf5 19. f3 exf3 20. gxf3 Bb5 21.
Qf2 Rh5 22. Kh2 Bd6 23. Bxd6 Qxd6+ 24. f4 Rf8 25. Rg1 Rf7 26. Qg3 Bd7 27. Rg2
Qe7 28. Qf3 Rh6 29. Rg3 Rhf6 30. Qg2 Bc6 31. Rg1 Rh6 32. Rg5 Qc7 33. Bd3 Qd7
34. Re5 Kf8 35. Qd2 Kg8 36. Qg2 Kf8 37. Qg5 Qe7 38. Qg4 Qh4 39. Qxh4 Rxh4 40.
Rc1 Ke7 41. Bxa6 Kd6 42. Bd3 Rh6 43. Rc3 Rf8 44. Ra3 Rh8 45. b4 Bd7 46. Ra5 Rf6
47. Kg3 g6 48. h4 Rc8 49. a4 Rc3 50. Be2 Ra3 51. Bb5 Bc8 52. Be2 Bd7 53. b5 Kc7
54. Ra8 Bc8 55. a5 Rf5 56. b6+ Kd7 57. Bb5+ Kd8 58. Rxe6 1-0

[Event "35. Open Untergrombach A-Turnier"]
[Site "?"]
[Date "2018.01.05"]
[Round "6"]
[White "Dr. Feil, Stephan"]
[Black "Schmied, Andreas"]
[Result "1-0"]
[WhiteElo "2074"]
[BlackElo "1970"]
[PlyCount "55"]

1. e4 e5 2. Nf3 Nc6 3. d4 exd4 4. Nxd4 Nf6 5. Nxc6 bxc6 6. e5 Qe7 7. Qe2 Nd5 8.
c4 Nb6 9. Nc3 Ba6 10. b3 O-O-O 11. Qe4 Re8 12. f4 Bb7 13. a4 d5 14. Qc2 f6 15.
Ba3 Qf7 16. a5 fxe5 17. axb6 exf4+ 18. Be2 Bxa3 19. Rxa3 axb6 20. O-O d4 21.
Bg4+ Kb8 22. Ne2 h5 23. Bf3 d3 24. Qxd3 Re3 25. Qd1 Qe7 26. Ra1 g5 27. Nd4 Rh6
28. Nf5 1-0

[Event "35. Open Untergrombach A-Turnier"]
[Site "?"]
[Date "2018.01.05"]
[Round "6"]
[White "Medwedowski, Michael"]
[Black "Engel, Jan"]
[Result "1-0"]
[WhiteElo "2068"]
[BlackElo "1833"]
[PlyCount "59"]

1. Nf3 Nf6 2. g3 d5 3. Bg2 Bf5 4. d3 e6 5. O-O Be7 6. Nbd2 c5 7. Nh4 Bg6 8.
Nxg6 hxg6 9. e4 Nc6 10. c3 O-O 11. Qe2 Qc7 12. Re1 dxe4 13. dxe4 Rad8 14. a4 b6
15. Nc4 a6 16. Bf4 Qb7 17. Rad1 Nh5 18. Bd6 Bxd6 19. Nxd6 Qc7 20. e5 Rd7 21. f4
Rfd8 22. Qxa6 Ne7 23. Qe2 Nc6 24. Nb5 Qc8 25. Rd6 Na5 26. Rxb6 Rd2 27. Qe4 R8d3
28. Nd6 Qd8 29. Ra6 Kh7 30. Nxf7 1-0

[Event "35. Open Untergrombach A-Turnier"]
[Site "?"]
[Date "2018.01.05"]
[Round "6"]
[White "Grundmann, Alexander"]
[Black "Dushatskiy, Fedor"]
[Result "1/2-1/2"]
[WhiteElo "1947"]
[BlackElo "2174"]
[PlyCount "27"]

1. Nf3 d6 2. c4 f5 3. Nc3 Nf6 4. g3 g6 5. Bg2 Bg7 6. O-O O-O 7. d3 c6 8. Bd2 a5
9. Qc2 e5 10. a3 Nh5 11. b4 axb4 12. axb4 Rxa1 13. Rxa1 f4 14. Ra8 1/2-1/2

[Event "35. Open Untergrombach A-Turnier"]
[Site "?"]
[Date "2018.01.06"]
[Round "7"]
[White "Agnello, Francesco"]
[Black "Shishkin, Vadim"]
[Result "0-1"]
[WhiteElo "2127"]
[BlackElo "2459"]
[PlyCount "58"]

1. e4 c5 2. Nf3 Nc6 3. Bb5 g6 4. Bxc6 bxc6 5. O-O Bg7 6. Re1 Nh6 7. c3 O-O 8.
h3 f5 9. e5 Nf7 10. d4 cxd4 11. cxd4 c5 12. dxc5 e6 13. b3 Bb7 14. Nbd2 Qc7 15.
Bb2 Qxc5 16. Nc4 Rfd8 17. Rc1 Qd5 18. Qe2 Ba6 19. Red1 Qb7 20. Qe1 Rac8 21. Nd6
Nxd6 22. Rxd6 Rxc1 23. Qxc1 Bb5 24. h4 Rc8 25. Qg5 Qe4 26. Rd2 Bc6 27. Qe7 Bf8
28. Qf6 Bh6 29. Bc3 Qb1+ 0-1

[Event "35. Open Untergrombach A-Turnier"]
[Site "?"]
[Date "2018.01.06"]
[Round "7"]
[White "Bach, Edwin"]
[Black "Günnigmann, Manuel"]
[Result "1/2-1/2"]
[WhiteElo "2221"]
[BlackElo "2225"]
[PlyCount "60"]

1. Nf3 Nf6 2. g3 g6 3. Bg2 Bg7 4. O-O O-O 5. c4 c6 6. Qc2 d5 7. b3 Bg4 8. Bb2
Nbd7 9. d3 Re8 10. Nbd2 e5 11. e4 dxe4 12. dxe4 Qe7 13. h3 Bxf3 14. Nxf3 Red8
15. Rfd1 Ne8 16. h4 Nf8 17. Rxd8 Rxd8 18. Rd1 f6 19. Rxd8 Qxd8 20. c5 Qd7 21.
Kh2 Nc7 22. Bh3 Nce6 23. b4 Kf7 24. Qb3 Ke7 25. Kg2 Bh6 26. a3 Qc7 27. Qd3 Qd7
28. Qxd7+ Nxd7 29. Kf1 b5 30. Ke2 a5 1/2-1/2

[Event "35. Open Untergrombach A-Turnier"]
[Site "?"]
[Date "2018.01.06"]
[Round "7"]
[White "Dr. Feil, Stephan"]
[Black "Krämer, Enrico"]
[Result "1-0"]
[WhiteElo "2074"]
[BlackElo "2173"]
[PlyCount "107"]

1. e4 c5 2. Nf3 Nc6 3. Bb5 Nf6 4. Bxc6 dxc6 5. d3 Bg4 6. h3 Bh5 7. Nc3 Qc7 8.
g4 Bg6 9. Nh4 Nd7 10. f4 f6 11. Nxg6 hxg6 12. Qf3 e5 13. f5 gxf5 14. Qxf5 O-O-O
15. Be3 Kb8 16. O-O-O g5 17. Ne2 Be7 18. Ng3 Rdg8 19. Nh5 b5 20. Kb1 a5 21. a4
Qd6 22. Bf2 Ka8 23. Be1 Rb8 24. h4 bxa4 25. Kc1 Rb7 26. Bc3 a3 27. b3 a4 28.
Kd2 axb3 29. Ra1 c4 30. Rxa3+ Qxa3 31. Ra1 Qxa1 32. Bxa1 gxh4 33. cxb3 cxb3 34.
Bb2 Rd8 35. d4 Nc5 36. Ke3 exd4+ 37. Kd2 h3 38. Ng3 Kb8 39. Qf4+ Bd6 40. Qxf6
Re7 41. e5 Red7 42. exd6 Rxd6 43. Qe5 Na4 44. Ba3 c5 45. Ne4 b2 46. Bxb2 Kc7
47. Nxd6 Rxd6 48. Ba3 Kd7 49. g5 h2 50. Qxh2 Rd5 51. g6 c4 52. g7 d3 53. g8=Q
c3+ 54. Ke3 1-0

[Event "35. Open Untergrombach A-Turnier"]
[Site "?"]
[Date "2018.01.06"]
[Round "7"]
[White "Prestel, Oliver"]
[Black "Medvedovski, Michael"]
[Result "1-0"]
[WhiteElo "2148"]
[BlackElo "2068"]
[Annotator "Prestel,Oliver"]
[PlyCount "126"]
[EventDate "2018.??.??"]

1. c4 e6 2. Nc3 d5 3. d4 c5 4. cxd5 exd5 5. Nf3 Nc6 6. g3 Nf6 7. Bg2 Be7 8. O-O
O-O 9. Bg5 c4 10. Ne5 Be6 11. Nxc6 bxc6 12. b3 Qa5 13. Qd2 {gilt als
Nebenvariante, stellt jedoch eine kleine positionelle Falle} Bb4 14. Bxf6 $1
gxf6 {die schwarze Bauernstellung am Königsflügel ist ruiniert} (14... Bxc3
$4 15. Qg5 g6 16. Qh6 {mit Matt}) 15. Rfc1 {Bis dahin hat meine Vorbereitung
geklappt. Der Plan des Weissen sollte sein, ins Endspiel abzuwickeln. Mit dem
nächsten Zug geht Schwarz folgerichtig energisch im Zentrum und Damenflügel
vor, um seine akiv positionierten Figuren zur Geltung zu bringen.} c5 $1 16.
bxc4 Rac8 17. cxd5 $6 (17. a3 Bxc3 18. Rxc3 cxd4 19. Qxd4 dxc4 20. Qxf6 {
hätte konsequenter den weissen Plan umgesetzt. Ich war mir in der Partie
nicht sicher, ob der Freibauer c4 Probleme machen würde.}) 17... cxd4 {Jetzt
entstehen große Komplikationen.} 18. dxe6 Bxc3 19. exf7+ {wie soll Schwarz
reagieren ?} Kxf7 (19... Kg7 20. Qf4 Bxa1 21. Rxc8 Qe1+ 22. Bf1 Rxc8 23. Qg4+
Kxf7 24. Qxc8 $18) (19... Kh8 20. Qh6 Bxa1 21. Rxc8 Qe1+ 22. Bf1 Rxc8 23. f8=Q+
$18) (19... Rxf7 20. Qf4 Bxa1 21. Qg4+ $18) 20. Qd3 Bxa1 21. Qxh7+ Ke6 22. Rxa1
{das Material ist grob ausgeglichen aber der schwarze König sieht sich den
Angriffen der Dame und des Läufers ausgesetzt. Nun sollte Schwarz den
Abtausch der Dame und des Turmes anstreben.} Rc7 23. Qd3 Rfc8 24. Qe4+ (24.
Qxd4 Rc1+ 25. Rxc1 Rxc1+ 26. Bf1 Qe1 27. Qe4+ Kf7 {und Weiss muss Dauerschach
geben} 28. Qg2 $2 Qxe2 29. f4 Qe3+ 30. Qf2 Qxf2+ 31. Kxf2 Rc2+ 32. Kg1 $17)
24... Kf7 25. Qh7+ Kf8 26. Qh6+ {deckt das Feld c1} Kf7 27. Bh3 Re8 28. Bg4 Rg8
29. Bf3 (29. Bh5+ Ke6 {bringt nichts - es droht Dg5 mit Abtausch}) 29... Qg5
30. Qh7+ Rg7 (30... Qg7 31. Bd5+ $18) 31. Qb1 Kg8 32. Qb2 Rgd7 33. Rd1 Qc5 {
jetzt kommt die Zeitnot} 34. Qb8+ Kg7 35. Be4 Re7 (35... Qe5 36. Bd3 Rc1 37.
Qb3 Rxd1+ 38. Qxd1 {erleichtert das schwarze Leben}) 36. Bd3 Qa3 37. Qd8 Rcd7
38. Qc8 Qxa2 $2 {verlockend aber nicht gut} 39. Bc4 Qc2 40. Qg8+ Kh6 {die
Zeitnot ist überstanden. Weiss ist es gelungen keine Figuren abzutauschen und
den schwarzen König zu bedrängen, so dass ein effetives Gegenspiel nicht
möglich ist.} 41. Qh8+ Qh7 42. Qxf6+ Qg6 43. Qf8+ Qg7 44. Qf4+ Kh7 $4 {gibt
Weiss die Zeit, um auch noch den Turm in den Königsangriff einzuschalten} 45.
Rb1 Rb7 46. Bd3+ (46. Qh4+ Qh6 (46... Kg6 47. Qg4+ Kh6 48. Qh3+ Kg6 49. Rxb7
Rxb7 50. Qe6+ Kh7 51. Bd3+ Kh8 52. Qc8+ Qg8 53. Qxb7 $18) 47. Bd3+ Kg7 48. Qg4+
Kf8 49. Qc8+ Kg7 50. Rxb7 $18) 46... Kg8 47. Ra1 (47. Bc4+ Kh8 48. Qh4+ Qh7 49.
Qxd4+ Qg7 50. Qd8+ Kh7 51. Bd3+ Kh6 52. Qd6+ Kh5 53. Rxb7 Rxb7 54. Qd5+ Kh6 55.
Qe6+ Kg5 56. f4+ Kh5 57. Qh3#) 47... Qe5 48. Qg4+ Kf8 49. Ra4 Rbd7 50. Rc4 Rg7
51. Rc8+ {erstaunlicherweise können beide Türme und die Dame den eigenen
König nicht ausreichend schützen} Ke7 52. Qh4+ Kd6 53. Qh6+ Ke7 (53... Qe6
54. Rc6+ $18) 54. Bc4 Qf6 55. Re8+ Kxe8 56. Qxf6 a6 57. Bxa6 Rgf7 58. Qe6+ Kf8
59. Bb5 Rde7 60. Qh6+ Rg7 61. Qh8+ Kf7 62. Bc4+ Kf6 63. f4 Kf5 {Zeit} 1-0

[Event "35. Open Untergrombach A-Turnier"]
[Site "?"]
[Date "2018.01.06"]
[Round "7"]
[White "Nekrasov, Mihail"]
[Black "Dauner, Karl"]
[Result "1/2-1/2"]
[WhiteElo "2319"]
[BlackElo "1959"]
[PlyCount "29"]

1. e4 e5 2. Nf3 Nc6 3. Bb5 a6 4. Ba4 Nf6 5. O-O Nxe4 6. d4 b5 7. Bb3 d5 8. dxe5
Be6 9. Nbd2 Be7 10. c3 O-O 11. Bc2 f5 12. exf6 Nxf6 13. Ng5 Bg4 14. f3 Bd7 15.
Nb3 1/2-1/2

[Event "35. Open Untergrombach A-Turnier"]
[Site "?"]
[Date "2018.01.06"]
[Round "7"]
[White "Lehmann, Sven"]
[Black "Vautrin, Stefan"]
[Result "1-0"]
[WhiteElo "2016"]
[BlackElo "2141"]
[PlyCount "111"]

1. d4 c5 2. d5 e5 3. e4 d6 4. Bd3 Be7 5. Ne2 Nf6 6. c4 O-O 7. Nbc3 Ne8 8. Ng3
Bg5 9. Qh5 Bxc1 10. Rxc1 g6 11. Qh6 Qf6 12. h4 Qg7 13. Qxg7+ Kxg7 14. h5 h6 15.
f3 a6 16. Na4 Nd7 17. a3 Rb8 18. Nc3 Nc7 19. a4 a5 20. Kd2 Nf6 21. Rh2 Bd7 22.
Bc2 Na6 23. Rch1 Rh8 24. Bd1 Nb4 25. Rf1 Rbe8 26. Rh4 Rhf8 27. Rf2 Na6 28. Rh1
Nc7 29. Bc2 b6 30. Nd1 Na6 31. Ne3 Nb4 32. Bd1 Nh7 33. b3 Ng5 34. Rff1 Re7 35.
Rh2 Ree8 36. Bc2 Re7 37. Rh4 Rfe8 38. Rfh1 Rh8 39. Bd3 Ree8 40. Bb1 Bc8 41.
Ngf1 Bd7 42. Ng3 Bc8 43. Ne2 Bd7 44. Nc3 Rd8 45. Nb5 Be8 46. Ke2 Rd7 47. g3 f5
48. hxg6 fxe4 49. Nf5+ Kf6 50. Rxh6 Rxh6 51. Rxh6 Kxf5 52. g7 Bf7 53. Kf2 Nd3+
54. Bxd3 exd3 55. g4+ Kf4 56. Rf6# 1-0

[Event "35. Open Untergrombach A-Turnier"]
[Site "?"]
[Date "2018.01.06"]
[Round "7"]
[White "Dushatskiy, Fedor"]
[Black "Herwig, Carsten"]
[Result "1-0"]
[WhiteElo "2174"]
[BlackElo "1914"]
[PlyCount "71"]

1. d4 d5 2. c4 e6 3. Nc3 Nf6 4. cxd5 exd5 5. Bg5 Be7 6. e3 O-O 7. Bd3 c6 8. Qc2
h6 9. Bh4 Nbd7 10. Nge2 Re8 11. f3 Nf8 12. O-O Qa5 13. Kh1 Ng4 14. Bf2 Nxf2+
15. Rxf2 Bd6 16. e4 dxe4 17. fxe4 c5 18. Nb5 Be7 19. Raf1 a6 20. Nbc3 cxd4 21.
Nxd4 Ne6 22. Nb3 Qh5 23. Rf5 Qg6 24. e5 Ng5 25. Rxf7 Qc6 26. R7f4 Bd7 27. Rc4
Qb6 28. Nd5 Qb5 29. Rc7 Qa4 30. Nb6 Qg4 31. Rxd7 Rac8 32. Rxe7 Rxe7 33. Qxc8+
Qxc8 34. Nxc8 Rxe5 35. Nb6 Re3 36. Rd1 {four more moves followed, but the
annotation is missing. After time control, black gave up.} 1-0